000 00298nam a22001337a 4500
008 181011b xxu||||| |||| 00| 0 eng d
020 _a1560007060
041 _aeng
080 _a201
100 _a24
101 _aTEO
245 _aReligion from Tolstoy to Camus
_cKaufmann, W
942 _2udc
_cBK
999 _c49435
_d49435